=LDR 00000nam 2200000 4500 =001 NUTBA000000000004693 =005 20140922133249.0 =006 =007 =008 =035 ##$$a 0010-091400000000726 =040 ##$$a Ind =082 ##$$a F Rom d =090 ##$$a F Rom d$b War t =100 ##$$a Warren, Robert penn =245 ##$$a The cave$cRobert penn warren =260 ##$$a Canada$bRandom House$c20 cm. =300 ##$$a 403 Hlm$c20 cm. =850 ##$$a NBPDMAT =990 ##$$a 00088347 =990 ##$$a 0001/BPAP-NTB/20142014